| 000 | 00981cam a2200373 4500500 | ||
|---|---|---|---|
| 005 | 20260329002809.0 | ||
| 041 | _afre | ||
| 042 | _adc | ||
| 100 | 1 | 0 |
_aLacroix, Alexandre _eauthor |
| 245 | 0 | 0 | _aRésonances/ Novembre 2013 |
| 260 | _c2013. | ||
| 500 | _a57 | ||
| 690 | _aBijoutier de Nice | ||
| 690 | _aCapital | ||
| 690 | _aCapitalisme | ||
| 690 | _aContrat social | ||
| 690 | _aFacebook | ||
| 690 | _aFait divers | ||
| 690 | _aFiscalité | ||
| 690 | _aGilles Deleuze | ||
| 690 | _aHans Magnus Enzensberger | ||
| 690 | _aHobbes | ||
| 690 | _aImpôt | ||
| 690 | _aIslamisme | ||
| 690 | _aManuel Valls | ||
| 690 | _aMarx | ||
| 690 | _aPatrimoine | ||
| 690 | _aRoms | ||
| 690 | _aTerrorisme | ||
| 690 | _aThomas Piketty | ||
| 690 | _aTocqueville | ||
| 786 | 0 | _nPhilosophie magazine | 74 | 11 | 2013-11-01 | p. 3-3 | 1951-1787 | |
| 856 | 4 | 1 | _uhttps://shs.cairn.info/magazine-philosophie-magazine-2013-11-page-3?lang=fr&redirect-ssocas=7080 |
| 999 |
_c1818464 _d1818465 |
||